More Things We Learned in 2013 Quiz Stats

 Plays Quiz Updated Jan 11, 2015

Challenge
Share
Tweet
Embed
Score 0/25 Timer 06:00
0 Plays Today
% Correct
brain
87.6%
shorter
87.1%
ampersand
80.4%
elephants
80.2%
barbecuing
79.2%
Lee Harvey Oswald
78%
escalators
77.9%
children's
75.6%
nervous
73.3%
Germany
72.8%
your soul mate
70.8%
blackbirds
70.2%
chocolate
69.9%
% Correct
John Wayne
66.6%
walking pace
65.5%
Yassar Arafat
62.8%
Morrissey
62.8%
amorous
62.2%
selfish
60.4%
marsupials
58.2%
Russia
55.2%
the Austro-Hungarian Empire
51.8%
the Pope
39.4%
Benjamin
28.3%
small house
21.9%

You're not logged in!

Compare scores with friends on all Sporcle quizzes.
Join for Free
OR
Log In

You Might Also Like...

Show Comments

Extras

Top Quizzes Today


Score Distribution

Your Account Isn't Verified!

In order to create a playlist on Sporcle, you need to verify the email address you used during registration. Go to your Sporcle Settings to finish the process.

Report this User

Report this user for behavior that violates our Community Guidelines.

Details: